Normal view
MARC view
- الإرشاد النفسي-التوجيه التربوي-علم النفس التربوي
Entry Topical Term
001 - CONTROL NUMBER
- control field: 28553
003 - CONTROL NUMBER IDENTIFIER
- control field: JO-AjAnu
005 - DATE AND TIME OF LATEST TRANSACTION
- control field: 20230606074834.0
008 - FIXED-LENGTH DATA ELEMENTS
- fixed length control field: 230606|| aca||aabn | a|a d
040 ## - CATALOGING SOURCE
- Original cataloging agency: JO-AjAnu
- Transcribing agency: JO-AjAnu
150 ## - HEADING--TOPICAL TERM
- Topical term or geographic name entry element: الإرشاد النفسي-التوجيه التربوي-علم النفس التربوي
670 ## - SOURCE DATA FOUND
- Source citation: Work cat.: (JO-AjAnu)14657: أبو أسعد،أحمد مؤلف/عربيات،أحمد م.مشارك, author 28552, نظريات الإرشاد النفسي والتربوي